| 000 | 00760nam a2200253Ia 4500 | ||
|---|---|---|---|
| 003 | OSt | ||
| 005 | 20221005024744.0 | ||
| 006 | a|||||r|||| 00| 0 | ||
| 007 | ta | ||
| 008 | 221004b |||||||| |||| 00| 0 ara d | ||
| 020 | _c350 | ||
| 024 | _a3771 | ||
| 037 |
_b412, 06/11/2012, Nadwi Publications _cTextual |
||
| 040 |
_aCRL _cCRL _bara |
||
| 041 |
_2ara _aara |
||
| 082 | _aO28,1v, N6 | ||
| 100 |
_aMutlib Mohammad Abdul Au. _9581036 |
||
| 245 | 0 | _aQirait saniat fi shoramari al-qais | |
| 260 |
_aCairo _bAL- Shirkat Al - Misriah Al - Almiah _c1996 |
||
| 300 |
_a248p. _ccm. |
||
| 650 | _aARABIC POETRY | ||
| 942 |
_hO28,1v, N6 _cTEXL _2cc |
||
| 999 |
_c933393 _d933393 |
||